XML for the world wide web (Record no. 37182)

MARC details
000 -LEADER
fixed length control field 00404nam a2200169Ia 4500
020 ## - INTERNATIONAL STANDARD BOOK NUMBER
ISBN 0- 201- 71098- 6
050 ## - CALL MARK
Classification number QA 76.76 .H94 C3697/
100 ## - STATEMENT OF RESPONSIBILITY--MAIN AUTHOR NAME
Personal name Castro, Elizabeth
245 #0 - TITLE STATEMENT
Title XML for the world wide web
260 ## - PUBLICATION, DISTRIBUTION, ETC. (IMPRINT)
Place of publication California
260 ## - PUBLICATION, DISTRIBUTION, ETC. (IMPRINT)
Name of publisher Peachpit Press
260 ## - PUBLICATION, DISTRIBUTION, ETC. (IMPRINT)
Year of publication 2001
300 ## - PHYSICAL DESCRIPTION
Number of Pages 270 p
942 ## - ADDED ENTRY ELEMENTS (KOHA)
Koha item type Books
Holdings
Withdrawn status Lost status Source of classification or shelving scheme Damaged status Not for loan Permanent Location Current Location Date acquired Accession Number Price effective from Koha item type
    Library of Congress Classification     NILE UNIVERSITY OF NIGERIA - MAIN LIBRARY NILE UNIVERSITY OF NIGERIA - MAIN LIBRARY 04/23/2025 0007359 04/23/2025 Books